LEADER 01084nas 2200409 a 450 001 996207212803316 005 20240413015849.0 011 $a1432-0754 035 $a(OCoLC)42856614 035 $a(CKB)954925570850 035 $a(CONSER) 00242402 035 $a(MiAaPQ)30894 035 $a(DE-599)ZDB1458467-0 035 $a(EXLCZ)99954925570850 100 $a19991119a19899999 uy 101 0 $aeng 135 $aurcn|||||| 181 $ctxt$2rdacontent 182 $cc$2rdamedia 183 $acr$2rdacarrier 200 14$aThe astronomy and astrophysics review 210 $aBerlin $cSpringer 300 $aRefereed/Peer-reviewed 311 $a0935-4956 606 $aAstronomy$vPeriodicals 606 $aAstrophysics$vPeriodicals 606 $aAstronomie$vPe?riodiques 606 $aAstrophysique$vPe?riodiques 615 0$aAstronomy 615 0$aAstrophysics 615 6$aAstronomie 615 6$aAstrophysique 676 $a520 906 $aJOURNAL 912 $a996207212803316 996 $aAstronomy and astrophysics review$9240490 997 $aUNISA